Kader Arminia Bielefeld Saison 2025 / 2026 - Statistiken

Allgemein
  • Dieses Quiz wurde 25 mal gespielt
  • Das Durchschnittsergebnis liegt bei 15 aus 25
Antwortstatistiken
Nummer Position Name % Korrekt
1 Tor Jonas Kersken
94%
7 Sturm Julian Kania
88%
6 (C) Mittelfeld Mael Corboz
88%
11 Sturm Joel Grodowski
82%
38 Mittelfeld Marius Wörl
82%
8 Mittelfeld Sam Schreck
82%
24 Verteidigung Christopher Lannert
76%
3 Verteidigung Joel Felix
76%
18 Tor Leo Oppermann
76%
2 Verteidigung Felix Hagmann
71%
9 Sturm Jeredy Hilterman
71%
21 Mittelfeld Stefano Russo
65%
23 Verteidigung Leon Schneider
59%
19 Verteidigung Maximilian Großer
59%
36 Verteidigung Justin Lukas
53%
30 Mittelfeld Isaiah Young
47%
29 Verteidigung Tim Handwerker
47%
13 Mittelfeld Lukas Kunze
41%
28 Sturm Roberts Uldrikis
41%
27 Sturm Benjamin Boakye
35%
43 Mittelfeld Daniel Richter
29%
20 Mittelfeld Florian Micheler
29%
37 Mittelfeld Noah Joel Sarenren Bazee
29%
40 Verteidigung Jonathan Norbye
24%
10 Mittelfeld Marvin Melehm
6%
Keine übereinstimmenden Quizze gefunden
Verteilung der Resultate
Anzahl Personen mit jedem Resultat
Perzentil nach korrekt beantworteten Fragen
Ihre Resultats-Entwicklung
Sie haben dieses Quiz noch nicht gespielt